000 00287nam a2200109Ia 4500
008 200302s9999 xx 000 0 und d
100 _aBlack & Decker
245 _aThe Complete Guide To Dream Kitchens
260 _bCreative Publishing International Inc
260 _c2007
300 _a286 P
999 _c4900
_d4900